[Event "GER-chT U14 Girls"]
[Site "Gross Doelln"]
[Date "2010.12.27"]
[Round "2.1"]
[White "Lemke, Berfin"]
[Black "Berkes, Katharina"]
[Result "1-0"]
[WhiteElo "1509"]
[BlackElo "862"]
[PlyCount "53"]
[EventDate "2010.12.27"]
[EventType "team-swiss"]
[EventRounds "7"]
[EventCountry "GER"]
[SourceTitle "CBM 140 Extra"]
[Source "ChessBase"]
[SourceDate "2011.03.01"]
[SourceVersion "1"]
[SourceVersionDate "2011.03.01"]
[SourceQuality "1"]
[WhiteTeam "Hamburg Diogenes"]
[BlackTeam "Langen"]
[WhiteTeamCountry "GER"]
[BlackTeamCountry "GER"]

1. e4 e5 2. Nf3 Nc6 3. Bc4 Bc5 4. d3 Nf6 5. Nc3 h6 6. Be3 d6 7. 0-0 Be6 8. Bxc5 dxc5 9. Bxe6 fxe6 10. Re1 Qd7 11. Nb5 0-0-0 12. a3 a6 13. Nc3 Rhe8 14. b4 cxb4 15. axb4 Nxb4 16. Qb1 Qd6 17. Nxe5 Qxe5 18. Qxb4 Qd4 19. Qb3 g5 20. Reb1 Qa7 21. Ra4 Rd6 22. e5 Rb6 23. Nb5 Qa8 24. exf6 Rf8 25. Qc3 Qb8 26. Qa3 Rxf6 27. Qe7 1-0